[Event "Schachbundesliga 2011/2012"]
[Site "Germany"]
[Date "2011.11.19"]
[Round "4.2"]
[White "Bartel, Mateusz"]
[Black "Ipatov, Alexander"]
[Result "1/2-1/2"]
[WhiteElo "2653"]
[BlackElo "2586"]
[PlyCount "104"]
[EventDate "2011.??.??"]
[WhiteTeam "SV Wattenscheid 1930"]
[BlackTeam "SK Turm Emsdetten"]

1. e4 e5 2. Nc3 Nf6 3. g3 d5 4. exd5 Nxd5 5. Bg2 Ne7 6. Nge2 g6 7. h4 Nbc6 8.
h5 gxh5 9. d3 Ng6 10. Nd5 Bg4 11. c3 Bg7 12. Qb3 Rb8 13. Ne3 Be6 14. Bd5 Bxd5
15. Qxd5 Qxd5 16. Nxd5 O-O 17. Bg5 f6 18. Be3 Rfd8 19. Nxc7 Rxd3 20. Ne6 h4 21.
gxh4 Kf7 22. Nc5 Rdd8 23. Ng3 Nge7 24. Nce4 h6 25. Nh5 Bh8 26. Bc5 b6 27. Bd6
Rb7 28. O-O-O Rbd7 29. Nhg3 Ke6 30. Ba3 Rxd1+ 31. Rxd1 Rxd1+ 32. Kxd1 f5 33.
Nd6 e4 34. Nc4 b5 35. Nd6 a6 36. Nb7 Kd5 37. Na5 Nxa5 38. Bxe7 Nc4 39. b3 Nb2+
40. Kd2 Ke6 41. Bf8 Bf6 42. Bxh6 Bxh4 43. Ne2 Bxf2 44. Nf4+ Ke5 45. Kc2 Nd3 46.
Nxd3+ exd3+ 47. Kxd3 Bc5 48. c4 f4 49. cxb5 axb5 50. a4 bxa4 51. Bxf4+ Kxf4 52.
bxa4 Ke5 1/2-1/2